Main trends of research in the social and human sciences / (Record no. 128237)

MARC details
000 -LEADER
fixed length control field 00726nam a22002537a 4500
005 - DATE AND TIME OF LATEST TRANSACTION
control field 20170124110036.0
010 ## - LIBRARY OF CONGRESS CONTROL NUMBER
LC control number 608065
020 ## - INTERNATIONAL STANDARD BOOK NUMBER
Terms of availability 00.00
035 ## - SYSTEM CONTROL NUMBER
System control number 608065
037 ## - SOURCE OF ACQUISITION
Source of stock number/acquisition Cen Lib/Ret
040 ## - CATALOGING SOURCE
Original cataloging agency DPL
Language of cataloging EN
082 ## - DEWEY DECIMAL CLASSIFICATION NUMBER
Classification number 301.072
Item number UEN
100 ## - MAIN ENTRY--PERSONAL NAME
Personal name Unesco
9 (RLIN) 17434
245 ## - TITLE STATEMENT
Title Main trends of research in the social and human sciences /
Statement of responsibility, etc by Unesco
260 ## - PUBLICATION, DISTRIBUTION, ETC. (IMPRINT)
Place of publication, distribution, etc Paris
Name of publisher, distributor, etc UNESCO
Date of publication, distribution, etc 1970
270 ## - ADDRESS
Address UNESCO,Place De Fontenoy
City Paris
300 ## - PHYSICAL DESCRIPTION
Extent xlvii,819p.
Dimensions 22cm(Hb)
500 ## - GENERAL NOTE
General note Includes index.
505 ## - FORMATTED CONTENTS NOTE
Formatted contents note Part 1 : Social sciences
650 ## - SUBJECT ADDED ENTRY--TOPICAL TERM
Topical term or geographic name as entry element Social sciences--Research
9 (RLIN) 17085
650 ## - SUBJECT ADDED ENTRY--TOPICAL TERM
Topical term or geographic name as entry element Philosophy
9 (RLIN) 101833
700 ## - ADDED ENTRY--PERSONAL NAME
Personal name Maheu, Renu
9 (RLIN) 22780
942 ## - ADDED ENTRY ELEMENTS (KOHA)
Source of classification or shelving scheme Dewey Decimal Classification
Koha item type English Books
Classification part 301.072
Call number suffix UEN
Holdings
Withdrawn status Lost status Damaged status Not for loan Home library Current library Date acquired Source of acquisition Cost, normal purchase price Total Checkouts Full call number Barcode Date last seen Copy number Cost, replacement price Price effective from Koha item type
        Central Library Central Library 02/07/2015 Cen Lib/Ret 0.00   301.072 UEN 608065 02/07/2015 1 0.00 02/07/2015 English Books

© Delhi Public Library
Hit Counter
free hit counter